He is risen. (Record no. 7580)

000 -LEADER
fixed length control field 00541nam a2200181 a 4500
001 - CONTROL NUMBER
control field :::00005341$&:&@@
003 - CONTROL NUMBER IDENTIFIER
control field OkBaRHE
005 - DATE AND TIME OF LATEST TRANSACTION
control field 20000607103325.0
008 - FIXED-LENGTH DATA ELEMENTS--GENERAL INFORMATION
fixed length control field s1942 j 000 0 eng u
040 ## - CATALOGING SOURCE
Transcribing agency
100 1# - MAIN ENTRY--PERSONAL NAME
Personal name Sloan, Harold Paul, 1881-
245 10 - TITLE STATEMENT
Title He is risen.
260 ## - PUBLICATION, DISTRIBUTION, ETC. (IMPRINT)
Place of publication, distribution, etc Winona Lake, IN., :
Name of publisher, distributor, etc Light and Life Press
Date of publication, distribution, etc c1942
300 ## - PHYSICAL DESCRIPTION
Extent 186 p. ;
Dimensions 20 cm.
650 ## - SUBJECT ADDED ENTRY--TOPICAL TERM
Topical term or geographic name as entry element Jesus Christ
General subdivision Resurrection
942 ## - ADDED ENTRY ELEMENTS (KOHA)
Source of classification or shelving scheme
Koha item type Books
Copies
Koha item type Date acquired Damaged status Barcode Lost status Withdrawn status Not for loan Date last seen Permanent Location Source of classification or shelving scheme Copy number Price effective from Full call number Shelving location
Books2010-04-14 5341   2010-04-14RHEMA Bible Training College 12010-04-14BT 480 .S58General Stacks